Harry Potter y el prisionero de Azkaban / (Registro nro. 10940)

Detalles MARC
000 -LIDER
fixed length control field 01067nkm a2200349 b 4500
001 - NÚMERO DE CONTROL
Identificador de número de control 0028610
003 - IDENTIFICACDOR DE NÚMERO DE CONTROL
control field DO-SdBNP
005 - DATE AND TIME OF LATEST TRANSACTION
control field 20230315093421.0
007 - CAMPOS FIJOS DE DESCRIPCIÓN FÍSICA
fixed length control field 0028610
008 - ELEMENTOS DE LONGITUD FIJA
fixed length control field 060721s2010 sp spa
017 ## - NÚMERO DE REGISTRO DE DERECHOS DE AUTOR
Copyright or legal deposit number
Assigning agency
020 ## - ISBN
International Standard Book Number 9788498886159
035 ## - NÚMERO LOCAL
System control number
040 ## - FUENTE DE CATALOGACIÓN
Agencia que crea de manera original el registro BPMSU
Idioma de catalogación spa
Agencia que realiza la transcripción BPMSU
Convenciones de la despripción
082 ## - NÚMERO DE CLASIFICACIÓN DECIMAL DE DEWEY
Classification number 823.91
Item number R884H, 2010
Edition number 22
100 1# - ASIENTO PRINCIPAL -- NOMBRE PERSONAL
Nombre personal Rowling, J. K.,
Fechas asociadas con el nombre 1965-
240 ## - TITULO UNIFORME
Idioma de una obra
245 10 - MENCIÓN DE TITULO
Título Harry Potter y el prisionero de Azkaban /
Mención de responsabilidad J. K. Rowling ; traducción de Adolfo Muñoz García y Nieves Martín Azofra.
Medio (Designación general de material)
Subtítulo
250 ## - MENCIÓN DE EDICION
Materiales especificados 19a. ed.
260 ## - PUBLICACIÓN, DISTRIBUCIÓN, ETC. (PIE DE IMPRENTA)
Lugar de publicación, distribución, etc Barcelona :
Nombre del editor, distribuidor, etc. Salamandra,
Fecha de publicación, distribución, etc 2010
Lugar de impresión
Impresor
300 ## - DESCRIPCIÓN FÍSICA
Extensión 359 p. ;
Dimensiones 22 cm.
490 0# - MENCIÓN DE SERIES
Mención de serie Harry Potter
Volume/sequential designation 3
534 ## - NOTA SOBRE LA VERSIÓN ORIGINAL
Asiento principal del original Título original :
Mención del título original Harry Potter and the prisioner of Azkaban.
590 ## - NOTA LOCAL
Enlace Inventariado, 2023/VM
650 #4 - ENCABEZAMIENTO DE MATERIA--TEMÁTICO
Término temático o nombre geográfico como elemento de entrada Novela juvenil inglesa
650 #4 - ENCABEZAMIENTO DE MATERIA--TEMÁTICO
Término temático o nombre geográfico como elemento de entrada Magia
Subdivisión de forma Novela
700 ## - ASIENTO SECUNDARIO -- NOMBRE PERSONAL
Nombre personal Muñoz García, Adolfo
Mención de responsabilidad tr.
700 1# - ASIENTO SECUNDARIO -- NOMBRE PERSONAL
Nombre personal Martín Azofra, Nieves
Mención de responsabilidad tr.
910 ## - VALIDACIÓN
Validación VMateo V. Control de calidad (BPMSU)
942 ## - ADDED ENTRY ELEMENTS (KOHA)
Source of classification or shelving scheme Dewey Decimal Classification
Koha item type Libros
980 ## - EQUIVALENCE OR CROSS-REFERENCE-SERIES STATEMENT--PERSONAL NAME/TITLE [LOCAL, CANADA]
Personal name
--
Numeration
Attribution qualifier
Titles and other words associated with a name
Existencias
Withdrawn status Lost status Source of classification or shelving scheme Damaged status Not for loan Collection code Home library Current library Date acquired Source of acquisition Full call number Barcode Date last seen Copy number Price effective from Koha item type
    Dewey Decimal Classification     Colección Juvenil General Biblioteca Pública Metropolitana Salomé Ureña Biblioteca Pública Metropolitana Salomé Ureña 07/18/2016 BPMSU CG 823.91 R884H 2010 BPMSU16070536 07/18/2016 v.3 07/18/2016 Libros
    Dewey Decimal Classification     Colección Juvenil General Biblioteca Pública Metropolitana Salomé Ureña Biblioteca Pública Metropolitana Salomé Ureña 07/18/2016 BPMSU CG 823.91 R884H 2010 BPMSU16070537 07/18/2016 v.3, e.2 07/18/2016 Libros